Khanqah nasheeni wa khrqah poshi sofia = خانقاہ نشینی و خرقہ پوشی صوفیہ / (Record no. 128055)
[ view plain ]
| 000 -LEADER | |
|---|---|
| fixed length control field | 00529nam a22001457a 4500 |
| 005 - DATE AND TIME OF LATEST TRANSACTION | |
| control field | 20220826101356.0 |
| 008 - FIXED-LENGTH DATA ELEMENTS--GENERAL INFORMATION | |
| fixed length control field | 220826b ||||| |||| 00| 0 eng d |
| 040 ## - CATALOGING SOURCE | |
| Transcribing agency | PK-LaUMT |
| 082 ## - DEWEY DECIMAL CLASSIFICATION NUMBER | |
| Classification number | APC 297.4 |
| Item number | ZAH-K |
| 100 ## - MAIN ENTRY--PERSONAL NAME | |
| Personal name | Zaheer Ahmad Siddiqui = ظہیر احمد صدیقی |
| 245 ## - TITLE STATEMENT | |
| Title | Khanqah nasheeni wa khrqah poshi sofia = خانقاہ نشینی و خرقہ پوشی صوفیہ / |
| Statement of responsibility, etc | by Zaheer Ahmad Siddiqui = ظہیر احمد صدیقی |
| 260 ## - PUBLICATION, DISTRIBUTION, ETC. (IMPRINT) | |
| Place of publication, distribution, etc | Lahore : |
| Name of publisher, distributor, etc | G. C. University, |
| Date of publication, distribution, etc | NA |
| 300 ## - PHYSICAL DESCRIPTION | |
| Extent | 156 p. |
| 942 ## - ADDED ENTRY ELEMENTS (KOHA) | |
| Koha item type | Books |
| Withdrawn status | Lost status | Damaged status | Home library | Current library | Date acquired | Full call number | Barcode | Date last seen | Price effective from | Koha item type |
|---|---|---|---|---|---|---|---|---|---|---|
| UMT Main Campus | UMT Main Campus | 2022-08-26 | APC 297.4 ZAH-K | 143761 | 2022-08-26 | 2022-08-26 | Books |
